000 00849cam a22002654a 4500
001 575
005 20230616144325.0
008 020912s2003 mnua b b 001 0 eng
020 _a0736816577
040 _aDLC
_cDLC
_dDLC
_beng
050 0 0 _aQL737.S63
_bR87 2003
082 0 0 _a599.55
_221
100 1 _aRustad, Martha E. H.
_q(Martha Elizabeth Hillman),
_d1975-
245 1 0 _aManatees /
_cby Martha E.H. Rustad.
260 _aMankato :
_bPebble Books.
_c2003.
300 _a24 pages :
_bcolor illustrations ;
_c19 cm.
505 _aK
520 _aSimple text and photographs describe the physical characteristics and behavior of manatees.
521 _a550
_bLexile
521 _aK
_bRaz-Plus
650 0 _aManatees
_vJuvenile literature.
650 1 _aManatees.
906 _a7
_bcbc
_corignew
_d1
_eecip
_f20
_gy-gencatlg
942 _2ddc
_cBK
_n0
999 _c575
_d575